Towards Measuring Political Rents in Agriculture: Case Studies of Different Agrarian Structures in the EU

Nová metodológia na ocenenie štátnych dotácií s názvom "čisté politické nájomné" na základe prístupu Leontiefovej analýzy vstupov a avýstupov (IO). Jedná sa o subvencie pre reprezentatívne farmy v období 2007 - 2012 v štyroch krajinách: Slovensko, Francúzsko, Rakúsko a Poľsko.

Saved in:
Bibliographic Details
Main Author: Czyzewski, Bazyli
Other Authors: Matuszczak, Anna
Format: Book Chapter
Language:English
Subjects:
Tags: Add Tag
No Tags, Be the first to tag this record!

MARC

LEADER 00000naa a2200000 4500
001 0242869
005 20221104110308.0
041 0 |a eng 
044 |a CZ 
245 1 0 |a Towards Measuring Political Rents in Agriculture: Case Studies of Different Agrarian Structures in the EU  |c Bazyli Czyzewski, Anna Matuszczak 
520 |a Nová metodológia na ocenenie štátnych dotácií s názvom "čisté politické nájomné" na základe prístupu Leontiefovej analýzy vstupov a avýstupov (IO). Jedná sa o subvencie pre reprezentatívne farmy v období 2007 - 2012 v štyroch krajinách: Slovensko, Francúzsko, Rakúsko a Poľsko. 
610 2 0 |a Európska únia 
610 2 0 |a Európsky ekonomický priestor 
610 2 0 |a dotácie štátne 
610 2 0 |a poľnohospodárstvo 
610 2 0 |a podpora štátna 
610 2 0 |a Slovensko 
610 2 0 |a Poľsko 
610 2 0 |a Francúzsko 
610 2 0 |a Rakúsko 
100 1 |a Czyzewski, Bazyli 
700 1 |a Matuszczak, Anna